Dannii Minogue Filmography - Statistics

General Stats
  • This quiz has been taken 23 times
    6 since last reset
  • The average score is 24 of 94
Answer Stats
Type Year Name % Correct
TV Show 2007-2012 Australia's Got Talent
100%
Documentary Mini-Series 2015 Australia: The Story of Us
100%
TV Show 1989-1990 Home and Away
100%
TV Show 2023-Present I Kissed a Boy
100%
TV Show 2024 I Kissed a Girl
100%
TV Mini-Series TBA Imposter
100%
TV Show 1996 It's Not Just Saturday
100%
TV Show 1996-1998 Live & Kicking
100%
Theater 1999 Macbeth
100%
Theater 2000 Notre-Dame de Paris
100%
TV Show 2021 RuPaul's Drag Race Down Under
100%
Film 1992 Secrets
100%
TV Show 1978 Skyways
100%
TV Special 2007 The Kylie Show
100%
TV Show 2019-2021 The Masked Singer (Australia)
100%
TV Show 1980 The Sullivans
100%
TV Show 2012-2015 The X Factor (Australia)
100%
TV Show 2007-2010 The X Factor (UK)
100%
Documentary 2007 White Diamond: A Personal Portrait of Kylie Minogue
100%
TV Show 1982-1988 Young Talent Time
100%
TV Special 2013 Boyzone at 20: No Matter What
50%
Documentary Mini-Series 2010 Dannii Minogue: Style Queen
50%
Theater 1997-1998 Grease: The Arena Spectacular
50%
TV Show 1998 Hey Hey It's Saturday
50%
TV Show 2017 Let It Shine
50%
TV Show 2002-2003 The Saturday Show
50%
Theater 2000 The Vagina Monologues
50%
TV Show 1991-2005 Top of the Pops
50%
TV Special 2015 A Kylie Christmas: Live from the Royal Albert Hall
0%
TV Mini-Series 1988 All the Way
0%
TV Special 2001 An Audience with Kylie Minogue
0%
TV Show 2007, 2013, 2014 Ant & Dec's Saturday Night Takeaway
0%
TV Show 1997 Ant & Dec Unzipped
0%
TV Show 2009 Beautiful People
0%
TV Show 2002 BingoLotto
0%
TV Show 2003 Blue Peter
0%
Web Series 2024 Bluey Book Reads
0%
TV Show 2002 Born Sloppy
0%
TV Show 2003 Boys and Girls
0%
TV Show 2013 Britain & Ireland's Next Top Model
0%
TV Special 2009 Cheryl Cole's Night In
0%
TV Special 2006, 2007 Children in Need
0%
TV Special 1991 Children's Royal Variety Performance
0%
Documentary Series 2011 Choccywoccydoodah
0%
TV Mini-Series 2018 Dance Boss
0%
TV Show 2007, 2011 Dancing with the Stars (Australia)
0%
TV Special 1995 Dannii on Safari
0%
TV Show 1997 Disney Time
0%
Film 2008 Except East Richmond
0%
TV Show 1994 Fan TC
0%
TV Show 1995, 1997 Fully Booked
0%
TV Mini-Series 2025 Gary Barlow's Wine Tour: South Africa
0%
TV Show 1991 Going Live!
0%
Documentary Series 2008 Gok's Fashion Fix
0%
TV Show 2003 Greeks on the Roof
0%
TV Show 2019, 2021 Have You Been Paying Attention?
0%
Film TBA Her Aussie Romance
0%
TV Show 2008 It Takes Two
0%
TV Show 1991 Jim'll Fix It
0%
TV Show 2020 Major Minors
0%
TV Show 2003 Micallef Tonight
0%
TV Show 1991 Motormouth
0%
TV Show 1988 New Generation
0%
Award Show 2008 Nickelodeon UK Kids' Choice Awards 2008
0%
TV Show 1992, 1993, 1994 Parallel 9
0%
TV Show 2003 Patrick Kielty... Almost Live!
0%
TV Show 1994 Pop Quiz
0%
TV Show 2011, 2012 Project Runway Australia
0%
TV Show 1996 Scoop
0%
TV Show 1998 Scratchy & Co.
0%
Film 2022 Seriously Red
0%
TV Show 2003 Star Academy
0%
TV Show 2001 Star for a Night
0%
TV Special 1998 Sunday Night at the London Palladium
0%
TV Show 1998 TFI Friday
0%
TV Show 1991 The 8-15 from Manchester
0%
TV Show 1994-1995 The Big Breakfast
0%
TV Show 2008 The F Word
0%
TV Show 1991 The Little and Large Show
0%
Short Film 2004 The Porter
0%
TV Show 2012 The Talent Show Story
0%
Documentary Series 2022 This Is Your Life
0%
TV Show 2005 Top of the Pops: Reloaded
0%
TV Show 2004 Top of the Pops Saturday
0%
TV Show 2005 Total Request Live (UK)
0%
TV Show 2008 TV Burp
0%
Web Series 2018 Ultimate Beastmaster
0%
TV Show 2010 Ultimate Movie Toons
0%
TV Show 1991 Un, dos, tres... responda otra vez
0%
TV Show 2006 Video Hits
0%
TV Show 1992, 1993 What's Up Doc?
0%
Documentary Series 2002 Wish You Were Here...?
0%
TV Show 2002 You've Got the Joke?
0%
TV Show 1996 Zig and Zag's Dirty Deeds
0%
No matching quizzes found
Score Distribution
Percent of People with Each Score
Percentile by Number Answered
Your Score History
You have not taken this quiz since the last reset